Les Jeanne célèbres - Statistiques

Statistiques générales
  • Ce quiz a été pris 195 fois
    111 depuis la dernière actualisation
  • Le résultat moyen est 3 sur 11
Statistiques - réponses
Par images Réponse % Correct
Jeanne d'Arc
100%
Jeanne Calment
74%
Jeanne Mas
62%
Jeanne Moreau
36%
Jeanne du Barry
20%
Jeanne Balibar
14%
Jeanne Herry
10%
Jeanne Savary
5%
Jeanne Lanvin
3%
Jeanne Paquin
1%
Jeanne Aubert
0%
Aucun quiz correspondant
Distribution des résultats
% des personnes avec chaque résultat
Percentile par nombre de réponses
Votre historique - résultats
Vous n’avez pas pris ce quiz depuis la dernière actualisation